[Event "ch-ChessClub A"]
[Site "Reykjavik ISL"]
[Date "2009.10.02"]
[Round "4"]
[White "Halldorsson,J"]
[Black "Gretarsson,Hj"]
[Result "0-1"]
[WhiteElo "2202"]
[BlackElo "2320"]

1.d4 Nf6 2.Nf3 e6 3.c4 Bb4+ 4.Nbd2 b6 5.e3 Bb7 6.Bd3 O-O 7.O-O d5 8.a3 Bd6
9.b4 dxc4 10.Nxc4 Nbd7 11.Bb2 Qe7 12.Re1 Ne4 13.Rc1 Rac8 14.Nxd6 Qxd6 15.Qa4 f5
16.Ba6 Bxa6 17.Qxa6 c6 18.Qa4 Rc7 19.Red1 Rfc8 20.Qb3 Qd5 21.Qxd5 exd5 22.Rc2 Nd6
23.Nd2 b5 24.Kf1 Nb6 25.Nb3 Na4 26.Bc1 Nc4 27.Ke2 Ra8 28.Nc5 Nxc5 29.dxc5 a5
30.Rd4 Rca7 31.g4 fxg4 32.Rxg4 axb4 33.axb4 Ra2 34.Rxa2 Rxa2+ 35.Ke1 Ne5  0-1

[Event "FSGM October"]
[Site "Budapest HUN"]
[Date "2009.10.05"]
[Round "3"]
[White "Esen,B"]
[Black "Fodor,T jr"]
[Result "1/2-1/2"]
[WhiteElo "2494"]
[BlackElo "2430"]

1.d4 Nf6 2.c4 e6 3.Nf3 Bb4+ 4.Nbd2 O-O 5.a3 Be7 6.e4 d5 7.Qc2 dxe4 8.Nxe4 Nxe4
9.Qxe4 Nd7 10.Bd3 Nf6 11.Qe2 b6 12.Bf4 Bb7 13.Rd1 Qc8 14.O-O Re8 15.Ne5 c5
16.dxc5 bxc5 17.Bc2 Rd8 18.Ba4 Qc7 19.Nxf7 Qxf4 20.Qxe6 Kf8 21.Nxd8 Rxd8
22.Rxd8+ Bxd8 23.Bc6 Bxc6 24.Qxc6 Qc7 25.Qf3 Be7 26.Re1 h5 27.g3 Kf7 28.h3 Qd7
29.Kg2 g5 30.Re5 g4 31.hxg4 hxg4 32.Qf5 Qxf5 33.Rxf5 Ke6 34.Rg5 a5 35.f3 gxf3+
36.Kxf3 a4 37.Ke2 Nd7 38.Rg8 Ne5 39.Ra8 Nxc4 40.Rxa4 Nxb2 41.Re4+ Kd6 42.a4 Bd8
43.g4 c4 44.Rd4+ Ke7 45.Kd2 Nxa4  1/2-1/2

[Event "9th Master Open"]
[Site "Winterthur SUI"]
[Date "2009.10.07"]
[Round "5"]
[White "Berczes,D"]
[Black "Toth,E"]
[Result "1/2-1/2"]
[WhiteElo "2521"]
[BlackElo "2392"]

1.d4 e6 2.c4 Bb4+ 3.Nd2 Nf6 4.Nf3 O-O 5.a3 Be7 6.b4 d5 7.Bb2 a5 8.b5 c6 9.cxd5 exd5
10.bxc6 bxc6 11.e3 Qb6 12.Bc3 Bf5 13.Ne5 Nbd7 14.Bd3 Bxd3 15.Nxd3 Ne4 16.Qc2 c5
17.dxc5  1/2-1/2

[Event "FSGM October"]
[Site "Budapest HUN"]
[Date "2009.10.09"]
[Round "6"]
[White "Shankland,S"]
[Black "Fodor,T jr"]
[Result "1/2-1/2"]
[WhiteElo "2474"]
[BlackElo "2430"]

1.d4 Nf6 2.c4 e6 3.Nf3 Bb4+ 4.Nbd2 O-O 5.a3 Be7 6.e4 d5 7.Bd3 c5 8.dxc5 dxe4
9.Nxe4 Nxe4 10.Bxe4 Qxd1+ 11.Kxd1 f5 12.Bc2 Bxc5 13.Be3 Bxe3 14.fxe3 Nc6
15.Ke2 e5 16.Bb3 e4 17.c5+ Kh8 18.Nd2 Ne5 19.Nc4 Nd3 20.Nd6 Nxc5 21.Nf7+  1/2-1/2

[Event "17th TCh-Eur"]
[Site "Novi Sad SRB"]
[Date "2009.10.22"]
[Round "1"]
[White "Nyback,T"]
[Black "Jobava,Ba"]
[Result "1-0"]
[WhiteElo "2615"]
[BlackElo "2696"]

1.d4 Nf6 2.c4 e6 3.Nf3 Bb4+ 4.Nbd2 b6 5.a3 Bxd2+ 6.Qxd2 Bb7 7.e3 O-O 8.Be2 d6
9.O-O Nbd7 10.b4 Ne4 11.Qc2 c5 12.Bb2 Rc8 13.Rad1 cxb4 14.axb4 d5 15.c5 a5
16.bxa5 bxc5 17.a6 Ba8 18.dxc5 Rxc5 19.Qb3 Qc7 20.Rc1 e5 21.Rxc5 Nexc5 22.Rc1 Qa7
23.Qc2 Nxa6 24.Ba3  1-0

[Event "17th TCh-Eur"]
[Site "Novi Sad SRB"]
[Date "2009.10.22"]
[Round "1"]
[White "Thorfinnsson,Bj"]
[Black "Babula,V"]
[Result "0-1"]
[WhiteElo "2395"]
[BlackElo "2569"]

1.d4 Nf6 2.c4 e6 3.Nf3 Bb4+ 4.Nbd2 d5 5.Qc2 O-O 6.a3 Be7 7.e4 c5 8.e5 Nfd7
9.Bd3 h6 10.b4 cxb4 11.axb4 Nc6 12.b5 Nb4 13.Qb3 dxc4 14.Bxc4 a5 15.O-O Nb6
16.Be2 Bd7 17.Ne4 N6d5 18.Nfd2 Rc8 19.Qg3 Bh4 20.Nf6+ Bxf6 21.exf6 Nxf6 22.Nb3 Ne4
23.Qf3 Nc3 24.Rxa5 b6 25.Ra7 Bxb5 26.Bxb5 Nxb5 27.Rb7 Nd5 28.Qg4 Qf6 29.Be3 Nd6
30.Ra7 Nf5 31.Qe2 Rc3 32.Nd2 Qg6 33.Nc4 Rxc4 34.Qxc4 Nfxe3 35.fxe3 Nxe3 36.Qe2 Nxf1
37.Qxf1 Rd8 38.Qf4 b5 39.h3 Rd5 40.Rb7 Rg5 41.Qf3 Qf5 42.Qc6 Qd5 43.Qc8+ Kh7
44.Qc2+ f5  0-1

[Event "Chigorin Mem Open"]
[Site "St Petersburg RUS"]
[Date "2009.10.22"]
[Round "7"]
[White "Zubritskiy,A"]
[Black "Romanenko,Vl"]
[Result "0-1"]
[WhiteElo "2342"]
[BlackElo "2505"]

1.d4 Nf6 2.c4 e6 3.Nf3 Bb4+ 4.Nbd2 b6 5.g3 Ba6 6.Qc2 Bb7 7.Bg2 Be4 8.Qa4 Bxd2+
9.Bxd2 O-O 10.O-O d6 11.Rad1 Qe7 12.Qa3 h6 13.Bc3 Nc6 14.b3 a5 15.Qb2 Rfd8
16.Rfe1 a4 17.d5 Na5 18.Bh3 axb3 19.axb3 exd5 20.cxd5 Re8 21.Nh4 Nxd5 22.Rxd5 Bxd5
23.Nf5 Qg5 24.Nxg7 Re5 25.f4 Qxg7 26.fxe5 Qg6 27.e4 Be6 28.Bg2 dxe5 29.Bxe5 c5
30.Rf1 Nxb3 31.Rf6 Qg5 32.Bf4 Qh5 33.Rxh6 Qd1+ 34.Bf1 Nd4 35.Rxe6 fxe6 36.Qxb6 Nf3+
37.Kg2 Ra2+ 38.Kh3 Rxh2+ 39.Kg4 Ne5+  0-1

[Event "8th TCh-Eur w"]
[Site "Novi Sad SRB"]
[Date "2009.10.27"]
[Round "6"]
[White "Soylemez,C"]
[Black "Gjorgjieva,I"]
[Result "0-1"]
[WhiteElo "1907"]
[BlackElo "1917"]

1.d4 Nf6 2.c4 e6 3.Nf3 Bb4+ 4.Nbd2 d6 5.a3 Bxd2+ 6.Bxd2 O-O 7.g3 b6 8.Bg2 Bb7
9.O-O a5 10.b3 Nbd7 11.Bc3 Qe7 12.Rc1 e5 13.d5 a4 14.b4 b5 15.Nh4 Nb6 16.cxb5 Bxd5
17.Bxd5 Nfxd5 18.e4 Nf6 19.Nf5 Qd7 20.Qe2 g6 21.Qe3 Ne8 22.Nh6+ Kg7 23.Bd2 f6
24.Qe2 Rb8 25.Ng4 Kh8 26.Bh6 Rf7 27.f4 Ng7 28.fxe5 fxe5 29.Rxf7 Qxf7 30.Rf1 Qe7
31.Qf3 Kg8 32.Nf6+ Kh8 33.Qg4 Rf8 34.Bg5 Ne6 35.Nxh7 Rxf1+ 36.Kxf1 Qf7+ 37.Bf6+ Kg8
38.Qh3 Ng5 39.Qh6 Nxh7 40.Kg2 Qxf6 41.Qc1 Qf7 42.Qc6 Ng5  0-1

[Event "WJun"]
[Site "Puerto Madryn ARG"]
[Date "2009.10.27"]
[Round "7"]
[White "Schiendorfer,E"]
[Black "Karthikeyan,P1"]
[Result "1/2-1/2"]
[WhiteElo "2311"]
[BlackElo "2449"]

1.d4 Nf6 2.c4 e6 3.Nf3 Bb4+ 4.Nbd2 O-O 5.a3 Be7 6.e4 d5 7.Qc2 dxe4 8.Nxe4 Nc6
9.Bd3 Nxe4 10.Bxe4 f5 11.Bxc6 bxc6 12.O-O c5 13.dxc5 Bxc5 14.b4 Be7 15.Bb2 Bf6  1/2-1/2

[Event "24th GP Open A"]
[Site "Le Touquet FRA"]
[Date "2009.10.28"]
[Round "7"]
[White "Clery,N"]
[Black "Housieaux,D"]
[Result "1-0"]
[WhiteElo "2374"]
[BlackElo "2432"]

1.d4 e6 2.c4 Bb4+ 3.Nd2 Nf6 4.Nf3 b6 5.g3 Bb7 6.Bg2 O-O 7.O-O d5 8.cxd5 exd5
9.Ne5 Re8 10.Ndf3 Ne4 11.Bf4 Bf8 12.Rc1 f6 13.Nd3 c5 14.dxc5 bxc5 15.Nd2 Qb6
16.b3 Na6 17.Qc2 Nxd2 18.Bxd2 Rxe2 19.Nf4 Re5 20.Rfe1 Rd8 21.Bh3 Qc6 22.Rxe5 fxe5
23.Be6+ Kh8 24.Ng6+ hxg6 25.Qxg6 Qe8 26.Bf7 Rd6 27.Qh5+  1-0

[Event "8th TCh-Eur w"]
[Site "Novi Sad SRB"]
[Date "2009.10.28"]
[Round "7"]
[White "Khotenashvili,B"]
[Black "Porat,Ma"]
[Result "1-0"]
[WhiteElo "2438"]
[BlackElo "2192"]

1.d4 Nf6 2.Nf3 e6 3.c4 Bb4+ 4.Nbd2 b6 5.a3 Bxd2+ 6.Qxd2 Bb7 7.e3 O-O 8.Be2 d6
9.O-O Nbd7 10.b4 c5 11.Bb2 Qe7 12.Rad1 Rad8 13.Qc2 cxd4 14.exd4 e5 15.Rfe1 e4
16.Bf1 d5 17.c5 Rc8 18.Rc1 Qd8 19.Nh4 Ne8 20.g3 a6 21.Qb3 b5 22.a4 Bc6 23.axb5 axb5
24.Ra1 Ra8 25.Nf5 Rxa1 26.Rxa1 g6 27.Ne3 Nc7 28.Ra7 Nb8 29.Rxc7 Qxc7 30.Nxd5 Bxd5
31.Qxd5 Qc6 32.Qg5 f5 33.d5 Qxd5 34.Qe7 Rf7 35.Qe8+ Rf8 36.Qxb5 Qd1 37.Qc4+ Rf7
38.Qc3 Kf8 39.Qh8+ Ke7 40.Qxb8 f4 41.Qe5+ Kf8 42.Qxe4 f3 43.c6 Re7 44.Qf4+ Ke8
45.Qc4  1-0

[Event "TCh-NED 2009-10"]
[Site "Netherlands NED"]
[Date "2009.10.31"]
[Round "2"]
[White "Koopmans,C"]
[Black "Tjiam,D"]
[Result "0-1"]
[WhiteElo "2163"]
[BlackElo "2376"]

1.d4 Nf6 2.Nf3 e6 3.c4 Bb4+ 4.Nbd2 b6 5.g3 Bb7 6.Bg2 O-O 7.O-O d5 8.a3 Be7
9.Ne5 a5 10.Qc2 Ra7 11.Rd1 Qc8 12.Ndf3 dxc4 13.Nxc4 Be4 14.Qb3 Qb7 15.a4 Nc6
16.Ne1 Bxg2 17.Nxg2 Rd8 18.Be3 Raa8 19.f3 Rd7 20.Bf2 Rad8 21.e3 Nd5 22.Ne1 Bf6
23.Rd2 Ncb4 24.Rad1 g6 25.Kg2 Bg7 26.Nc2 Nxc2 27.Qxc2 Nb4 28.Qe4 Qd5 29.b3 f5
30.Qxd5 exd5 31.Nb2 Bf8 32.Nd3 c5 33.Nxb4 axb4 34.dxc5 bxc5 35.Rc2 Kf7 36.Be1 Ke6
37.Rd3 Rb8 38.Rc1 Rbb7 39.Kf2 Rbc7 40.e4 fxe4 41.fxe4 dxe4 42.Rxd7 Rxd7 43.Ke2 Rd3
44.Rb1 Kd5 45.Bd2 Bd6 46.Be3 Kc6 47.Bg5 Be5 48.Be7 Bd4 49.Bg5 Rf3  0-1

[Event "13th OIBM"]
[Site "Bad Wiessee GER"]
[Date "2009.11.02"]
[Round "3"]
[White "Meister,P"]
[Black "Schmitz,Mar1"]
[Result "1-0"]
[WhiteElo "2396"]
[BlackElo "2040"]

1.d4 Nf6 2.c4 e6 3.Nf3 Bb4+ 4.Nbd2 O-O 5.a3 Bxd2+ 6.Qxd2 d6 7.Qc2 Nc6 8.b4 e5
9.d5 Ne7 10.e4 a5 11.bxa5 Rxa5 12.Bd2 Ra8 13.Be2 Ng6 14.O-O Qe7 15.Rfe1 Bg4
16.h3 Bd7 17.a4 Nh5 18.Nh2 Nhf4 19.Bg4 h5 20.Bxd7 Qxd7 21.Nf3 b6 22.Kh2 Ra7
23.a5 bxa5 24.Rxa5 Rb7 25.c5 dxc5 26.Rxc5 f6 27.Rc1 Rf7 28.Be3 Ra7 29.Qc4 Ra4
30.Rxc7 Rxc4 31.Rxd7 Rxc1 32.Rd8+ Kh7 33.Bxc1 Ne2 34.Be3 Rb7 35.Nd2 Nd4 36.Nc4 Nc2
37.d6 Nxe3 38.Nxe3 Nf4 39.g3 Nd3 40.Nf5 Nc5 41.h4 Rd7 42.Rc8 Ne6 43.Re8 Nc5
44.Re7 Kg8 45.Nxg7 Rxd6 46.f3 Rd2+ 47.Kg1 Nd3 48.Kf1 Rf2+ 49.Kg1 Rxf3 50.Nxh5 Kf8
51.Rc7 f5 52.exf5 Rxf5 53.g4 Rf3 54.g5 Nf4 55.Nf6 Rg3+ 56.Kf2 Rh3 57.Rh7 Nd3+
58.Kf1 Nf4 59.Kf2 Nd3+ 60.Ke2 Nf4+ 61.Kd2 Rd3+ 62.Kc2 Rh3 63.Kb2 Rg3 64.Kc2 Rh3
65.Kd2 Rh2+ 66.Kc3 Rh3+ 67.Kc4 Rd3 68.Kc5 Ne6+ 69.Kc6 Nf4 70.Kb5 Rh3 71.Kc4 Rd3
72.h5 Rd4+ 73.Kc3 Rd3+ 74.Kc2 Rg3 75.Ne4 Rg2+ 76.Kc3 Ne2+ 77.Kc4 Nf4 78.Kb4 Rg1
79.Kc3 Re1 80.Nf6 Re3+ 81.Kd2 Re2+ 82.Kd1 Rg2 83.Rh8+ Ke7 84.Re8+ Kd6 85.h6 Rh2
86.h7 Ng6 87.Rg8  1-0

[Event "TCh-FIN 2009-10"]
[Site "Finland FIN"]
[Date "2009.11.15"]
[Round "5"]
[White "Solozhenkin,E"]
[Black "Miezis,N"]
[Result "1/2-1/2"]
[WhiteElo "2493"]
[BlackElo "2558"]

1.d4 Nf6 2.c4 e6 3.Nf3 Bb4+ 4.Nbd2 c5 5.a3 Bxd2+ 6.Bxd2 cxd4 7.Nxd4 d5 8.e3 O-O
9.cxd5 exd5 10.Bb4 Re8 11.Bb5 Bd7 12.O-O Bxb5 13.Nxb5 Nc6 14.Rc1  1/2-1/2

[Event "Open"]
[Site "Figueira da Foz POR"]
[Date "2009.12.03"]
[Round "6"]
[White "Padeiro,J"]
[Black "Galego,L"]
[Result "0-1"]
[WhiteElo "2284"]
[BlackElo "2435"]

1.d4 Nf6 2.c4 e6 3.Nf3 Bb4+ 4.Nbd2 d5 5.Qa4+ Nc6 6.a3 Be7 7.e3 O-O 8.Bd3 a5
9.O-O Bd7 10.Qc2 a4 11.e4 dxe4 12.Nxe4 Nxe4 13.Bxe4 f5 14.Bd3 Bf6 15.d5 exd5
16.cxd5 Ne5 17.Be2 Nxf3+ 18.Bxf3 Be5 19.Re1 Qf6 20.Bg5 Qd6 21.g3 f4 22.Rxe5 Qxe5
23.Bxf4 Rxf4 24.gxf4 Qxf4 25.Bg2 Re8 26.Qc1 Qd6 27.Qd2 Re5 28.Re1 Rh5 29.f4 Rf5
30.Rf1 c5 31.Qe3 b6 32.Qg3 Rf6 33.Qg5 Bf5 34.Qh5 Rf7 35.Qh4 Qf6 36.Qxf6 Rxf6
37.Re1 Bd7 38.Re7 Rf7 39.Re4 Kf8 40.Kf2 Rf5 41.Ke3 Rh5 42.h3 Rh6 43.Kf2 Bxh3
44.Rxa4 Bd7 45.Ra7 Ke8 46.Ra8+ Ke7 47.Ra7 b5 48.Rb7 Kd8 49.Rb8+ Kc7 50.Rg8 Rg6
51.Be4 Rg4 52.Bxh7 Rxf4+ 53.Ke3 Rg4 54.Be4 Kd6 55.Bf3 Rg1 56.Ke4 c4 57.Rd8 g5
58.Ke3 Ke7 59.Rg8 g4 60.Be4 Kd6 61.Rg6+ Kc5 62.Rg7 Re1+ 63.Kf4 Kd4 64.Bg2 Re2
65.Kg3 Bf5 66.d6 Rd2 67.Rg5 Ke5 68.Bc6 Rd3+ 69.Kf2 Kf4 70.Rg8 g3+ 71.Ke1 Bg4
72.Rf8+ Ke5 73.Kf1 Bh3+ 74.Ke2 Kxd6 75.Bxb5 Bg4+ 76.Kf1 Bh3+ 77.Ke2 Kc5 78.a4 Bg4+
79.Kf1 Bf3 80.Rc8+ Kb6  0-1

[Event "ch-IND National A"]
[Site "Mumbai IND"]
[Date "2009.12.06"]
[Round "6"]
[White "Thejkumar,M"]
[Black "Priyadharshan,K"]
[Result "0-1"]
[WhiteElo "2453"]
[BlackElo "2343"]

1.d4 Nf6 2.c4 e6 3.Nf3 Bb4+ 4.Nbd2 b6 5.g3 Bb7 6.Bg2 c5 7.a3 Bxd2+ 8.Qxd2 cxd4
9.O-O Nc6 10.Nxd4 Nxd4 11.Qxd4 Bxg2 12.Kxg2 d5 13.Bg5 dxc4 14.Qxc4 Rc8 15.Qh4 Qd5+
16.Kg1 Rc4 17.Bf4 O-O 18.Rac1 Re4 19.Qg5 Rxe2 20.Rc7 a5 21.b4 axb4 22.axb4 h6
23.Qxd5 Nxd5 24.Rc4 Ra8 25.Bd6 Raa2 26.g4 Kh7 27.h3 Ra3 28.h4 Rd2 29.Bg3 Rad3
30.Rfc1 Rd4 31.Be5 R4d3 32.Rc8 f6 33.Bg3 Rd4 34.R1c6 Rxg4 35.Rxe6 f5 36.h5 Nf6
37.Rxb6 f4  0-1

[Event "Commonwealth Open"]
[Site "Singapore SIN"]
[Date "2009.12.11"]
[Round "3"]
[White "Paciencia,E"]
[Black "Mas,H"]
[Result "1/2-1/2"]
[WhiteElo "2424"]
[BlackElo "2419"]

1.d4 Nf6 2.c4 e6 3.Nf3 Bb4+ 4.Nbd2 b6 5.g3 Bb7 6.Bg2 O-O 7.O-O Bxd2 8.Bxd2 d6
9.Qc2 Be4 10.Qb3 Nbd7 11.Rfd1 Qb8 12.Bf1 h6 13.Bc3 a5 14.a4 Re8 15.Nd2 Bb7
16.Qc2 e5 17.d5 Qd8 18.e4 Nc5 19.b4 axb4 20.Bxb4 Nfd7 21.Rdb1 c6 22.Bh3 Qc7
23.Nf1 Ra7 24.Ra2 Rea8 25.Rba1 Na6 26.Bc3 Nac5 27.Ne3 Nf6 28.f3 cxd5 29.exd5 Bc8
30.Bxc8 Qxc8 31.a5 bxa5 32.Rxa5 Rxa5 33.Rxa5 Rxa5 34.Bxa5 Qa6 35.Bc3 g6 36.Kg2  1/2-1/2

[Event "Tch-SLO League"]
[Site "Rogaska Slatina SLO"]
[Date "2009.12.13"]
[Round "5"]
[White "Zorko,Ju"]
[Black "Krumpacnik,D"]
[Result "1/2-1/2"]
[WhiteElo "2443"]
[BlackElo "2338"]

1.d4 Nf6 2.c4 e6 3.Nf3 Bb4+ 4.Nbd2 d5 5.a3 Be7 6.e3 b6 7.Bd3 O-O 8.O-O Bb7
9.b4 c5 10.bxc5 bxc5 11.Rb1 dxc4 12.Bxh7+ Nxh7 13.Rxb7 Qc8 14.Rb1 cxd4 15.Nxd4 Nd7
16.Bb2 Qa6 17.Qe2  1/2-1/2

[Event "Tch-SLO League"]
[Site "Rogaska Slatina SLO"]
[Date "2009.12.15"]
[Round "7"]
[White "Dizdar,G"]
[Black "Tratar,M"]
[Result "1/2-1/2"]
[WhiteElo "2558"]
[BlackElo "2480"]

1.d4 Nf6 2.Nf3 e6 3.c4 Bb4+ 4.Nbd2 O-O 5.g3 b6 6.Bg2 Bb7 7.O-O Be7 8.Qc2 d5
9.cxd5 exd5 10.Ne5 c5 11.b3 Nbd7 12.Ndf3 Ne4 13.Bb2  1/2-1/2

[Event "22nd Open"]
[Site "Staufer GER"]
[Date "2010.01.02"]
[Round "2"]
[White "Reimche,V"]
[Black "Nyzhnyk,I"]
[Result "0-1"]
[WhiteElo "2070"]
[BlackElo "2494"]

1.Nf3 Nf6 2.d4 e6 3.c4 Bb4+ 4.Nbd2 O-O 5.a3 Bxd2+ 6.Bxd2 d6 7.Qc2 Qe7 8.e3 e5
9.dxe5 dxe5 10.Bc3 Nbd7 11.Be2 b6 12.O-O Bb7 13.b4 Ne4 14.Bb2 c5 15.Rfd1 Rad8
16.Nd2 Nd6 17.b5 f5 18.a4 e4 19.g3 Ne5 20.a5 Nd3 21.Bc3 Qf7 22.axb6 axb6
23.Ra7 Rd7 24.Ba1 h5 25.h4 Rfd8 26.Ra4 Qg6 27.Nf1 f4 28.Rxd3 exd3 29.Bxd3 Qg4
30.Be2 f3  0-1

[Event "15th Open"]
[Site "Bosnjaci CRO"]
[Date "2010.01.09"]
[Round "9"]
[White "Saric,A"]
[Black "Sulc,Da"]
[Result "1-0"]
[WhiteElo "2480"]
[BlackElo "2270"]

1.d4 Nf6 2.Nf3 e6 3.c4 Bb4+ 4.Nbd2 d5 5.Qa4+ Nc6 6.a3 Bxd2+ 7.Bxd2 O-O 8.e3 Ne4
9.Qc2 Bd7 10.Rc1 Nxd2 11.Nxd2 Ne7 12.Bd3 h6 13.cxd5 Nxd5 14.O-O c6 15.Nc4 Qe7
16.b4 Rad8 17.Qb2 f6 18.Bb1 Be8 19.g3 Nb6 20.Na5 Bf7 21.Qc2 g6 22.h4 h5 23.Qc5 Rfe8
24.Rfd1 Rd5 25.Qxe7 Rxe7 26.Be4 Rd6 27.b5 cxb5 28.Nxb7 Rdd7 29.Nc5 Rd8 30.Bc6 Be8
31.Nb7 Rb8 32.Bxe8 Rbxe8 33.Nd6 Rb8 34.Nxb5 Na4 35.Nd6 Rb3 36.Rc8+ Kg7 37.Rdc1 Nb6
38.R8c3 Rxc3 39.Rxc3 e5 40.dxe5 fxe5 41.Ne4 Rd7 42.Rc5 Nd5 43.Kg2 Kf7 44.Ra5 Kg7
45.Nc5 Rc7  1-0

[Event "8th Parsvnath Open"]
[Site "New Delhi IND"]
[Date "2010.01.14"]
[Round "2"]
[White "Abhilash,R"]
[Black "Karthikeyan,P"]
[Result "0-1"]
[WhiteElo "2120"]
[BlackElo "2408"]

1.d4 Nf6 2.Nf3 e6 3.c4 Bb4+ 4.Nbd2 O-O 5.e3 c5 6.Bd3 cxd4 7.exd4 d5 8.O-O b6
9.Ne5 Bb7 10.Ndf3 dxc4 11.Bxc4 Nbd7 12.Qb3 Qe7 13.Bg5 Ba5 14.Bb5 Nb8 15.Rac1 a6
16.Be2 b5 17.Ng4 Nbd7 18.Nfe5 Qe8 19.Bxf6 Nxf6 20.Nxf6+ gxf6 21.Qg3+ Kh8
22.Qh4 Bd8 23.Bd3 f5 24.Qh5 Rg8 25.g3 Rg7 26.Rfe1 Bb6 27.Qh4 Qd8 28.Qxd8+ Rxd8
29.Bf1 Rxd4  0-1

[Event "TCh-AUT 2009-10"]
[Site "Graz AUT"]
[Date "2010.01.16"]
[Round "6"]
[White "Likavsky,T"]
[Black "Tabernig,B"]
[Result "0-1"]
[WhiteElo "2476"]
[BlackElo "2293"]

1.d4 Nf6 2.c4 e6 3.Nf3 Bb4+ 4.Nbd2 b6 5.e3 Bb7 6.Bd3 Ne4 7.O-O f5 8.Qc2 Bxd2
9.Nxd2 Qh4 10.f3 Ng5 11.b4 O-O 12.d5 exd5 13.Bxf5 dxc4 14.Bb2 b5 15.f4 Ne6
16.Nf3 Qh5 17.Bxe6+ dxe6 18.Ng5 Re8 19.Qc3 Qg6 20.Rf2 Re7 21.Rd1 Nc6 22.Rfd2 h6
23.Nf3 Qe4 24.h3 a5 25.a3 axb4 26.axb4 Rae8 27.Nh2 e5 28.Ng4 exf4 29.Nxh6+ Kh7
30.Ng4 fxe3 31.Re2 Ne5 32.Nxe5 Rxe5 33.Rd4 Qb1+ 34.Re1 Qg6 35.Rh4+ Kg8 36.Rg4 Rg5
37.Rxe3 Rxe3 38.Qxe3 Rxg4 39.hxg4 Qxg4 40.Qh3 Qxh3 41.gxh3 c5 42.Bc3 cxb4
43.Bxb4 g5 44.Be7 Kf7 45.Bxg5 c3 46.Be3 b4 47.Bd4 Ke6 48.Kf2 Kd5 49.Ke3 Kc4
50.h4 b3 51.h5 b2  0-1

[Event "8th Parsvnath Open"]
[Site "New Delhi IND"]
[Date "2010.01.16"]
[Round "4"]
[White "Arun Prasad,S"]
[Black "Swaraj,P"]
[Result "1-0"]
[WhiteElo "2567"]
[BlackElo "2129"]

1.d4 Nf6 2.c4 e6 3.Nf3 Bb4+ 4.Nbd2 d5 5.a3 Be7 6.e3 O-O 7.b4 a5 8.b5 dxc4
9.Bxc4 c5 10.O-O cxd4 11.exd4 b6 12.Bb2 Bb7 13.Ne5 Bd5 14.Rc1 Ra7 15.Bd3 Rc7
16.Qe2 Qc8 17.f3 Nh5 18.Rxc7 Qxc7 19.f4 g6 20.g4 Nf6 21.f5 exf5 22.gxf5 g5
23.Qe3 Kh8 24.Ne4 Nbd7 25.Rc1 Qd8 26.Nc6 Qe8 27.Re1 Bxe4 28.Bxe4 Bd6 29.Qe2 Nxe4
30.Qxe4 Qxe4 31.Rxe4 h6 32.d5+ Kh7 33.Kg2 Nc5 34.Re3 Nd7 35.Bd4 f6 36.Kf3 Kg7
37.h3 Kf7 38.a4 h5 39.Re6 Ba3 40.Re3 Bd6 41.Re6 Ba3 42.Bf2 Re8 43.Bg3 Bf8
44.Bc7 Rc8 45.Nd8+ Kg8 46.Rc6 Bc5 47.Ne6 Kf7 48.Nxc5 Nxc5 49.Rxc5 bxc5 50.b6 Ke7
51.b7  1-0

[Event "ch-ROU w"]
[Site "Baile Olanesti ROU"]
[Date "2010.01.31"]
[Round "1"]
[White "Morea,G"]
[Black "Paulet,I"]
[Result "0-1"]
[WhiteElo "1810"]
[BlackElo "2314"]

1.d4 Nf6 2.c4 e6 3.Nf3 Bb4+ 4.Nbd2 b6 5.e3 Bb7 6.Be2 O-O 7.O-O a5 8.b3 d5
9.Bb2 Nbd7 10.Rc1 Bd6 11.Ne5 c5 12.f4 Qe7 13.Qe1 Ne4 14.Nxe4 dxe4 15.Nxd7 Qxd7
16.Rd1 Qe7 17.f5 Qg5 18.Qf2 exf5 19.d5 Bc8 20.g3 a4 21.Ra1 Bd7 22.Kh1 Ra7
23.Rg1 Rfa8 24.g4 fxg4 25.Rg2 Be5 26.Rf1 f6 27.Bxe5 Qxe5 28.Bxg4 axb3 29.axb3 Ra1
30.Bxd7 Rxf1+ 31.Qxf1 Ra1 32.Qxa1 Qxa1+ 33.Rg1 Qc3 34.Be6+ Kf8 35.d6 g6 36.d7 Qd3
37.Ra1 Ke7 38.Bg4 f5 39.Rd1 fxg4  0-1

[Event "ch-ROU m"]
[Site "Baile Olanesti ROU"]
[Date "2010.02.02"]
[Round "4"]
[White "Manolache,M"]
[Black "Anton,T"]
[Result "1/2-1/2"]
[WhiteElo "2539"]
[BlackElo "2347"]

1.d4 Nf6 2.c4 e6 3.Nf3 Bb4+ 4.Nbd2 b6 5.e3 Bb7 6.Be2 O-O 7.O-O Be7 8.b3 d6
9.Bb2 Nbd7 10.Qc2 c5 11.Rad1 Qc7 12.Qb1 Rfe8 13.Rfe1 Rad8 14.Qa1 Bf8 15.a3 Ne4
16.Nxe4 Bxe4 17.Ng5 Bc2 18.Bd3 Bxd3 19.Rxd3 Be7 20.Ne4 cxd4 21.Bxd4 Bf8 22.Qb1 Nc5
23.Nxc5 dxc5 24.Bc3 Rxd3 25.Qxd3 Rd8  1/2-1/2

[Event "ch-ROU w"]
[Site "Baile Olanesti ROU"]
[Date "2010.02.03"]
[Round "5"]
[White "Bulmaga,I"]
[Black "Padurariu,I"]
[Result "1/2-1/2"]
[WhiteElo "2239"]
[BlackElo "2181"]

1.d4 Nf6 2.Nf3 e6 3.c4 Bb4+ 4.Nbd2 b6 5.a3 Bxd2+ 6.Qxd2 Bb7 7.e3 O-O 8.Be2 d6
9.O-O Nbd7 10.b4 Ne4 11.Qc2 f5 12.Ne1 Qh4 13.f3 Ng5 14.Bd1 Rf6 15.Qf2 Qh5
16.Nd3 e5 17.d5 Qg6 18.Kh1 b5 19.Bb3 bxc4 20.Bxc4 Nb6 21.Bb3 Bxd5 22.Bxd5+ Nxd5
23.Qa2 c6 24.b5 Qf7 25.e4 fxe4 26.Bxg5 Rf5 27.Nb4 Rxg5 28.fxe4 Nf6 29.Qxf7+ Kxf7
30.bxc6 Rc8 31.Rac1 Ke6 32.Rc4 Rg4 33.Re1 a5 34.Na6 Rf4 35.g3 Rf3 36.a4 Rd3
37.c7 Rb3 38.Nb8 Ne8 39.Nc6 Rxc7 40.Rec1 Kd7 41.Nxa5 Ra7 42.Nc6 Ra6 43.Nb4 Ra5
44.Nd5 Rb7 45.Rf1 Ke6 46.Rd1 Rba7 47.Ne3 R7a6 48.Kg2 Nf6  1/2-1/2

[Event "2nd Chennai Open"]
[Site "Chennai IND"]
[Date "2010.02.03"]
[Round "11"]
[White "Swayams,M"]
[Black "Karthikeyan,P1"]
[Result "1-0"]
[WhiteElo "2340"]
[BlackElo "2408"]

1.d4 Nf6 2.Nf3 e6 3.c4 Bb4+ 4.Nbd2 b6 5.a3 Bxd2+ 6.Qxd2 Bb7 7.e3 O-O 8.b4 d6
9.Bb2 Nbd7 10.Be2 Ne4 11.Qc2 f5 12.Rd1 Rf6 13.d5 e5 14.Nd2 Rg6 15.Nxe4 fxe4
16.Qxe4 Nf6 17.Qf3 Qe7 18.Bd3 Rh6 19.Bf5 Rf8 20.e4 Bc8 21.Bxc8 Rxc8 22.Bc1 Rg6
23.Qh3 Rf8 24.f3 h6 25.O-O Nh7 26.Rde1 Rgf6 27.Be3 Qe8 28.Rc1 R8f7 29.c5 bxc5
30.bxc5 Qa4 31.cxd6 cxd6 32.Qc8+ Nf8 33.Qc3 Ng6 34.Qb4 Qa6 35.a4 Nh4 36.Qb5 Qxb5
37.axb5 Rg6 38.g3 Nxf3+ 39.Kg2 Rgf6 40.Ra1 Nd4 41.Rxf6 gxf6 42.Bxd4 exd4
43.Kf3 Rb7 44.Ra5 Kf7 45.Ke2 Kg6 46.Kd3 Kg5 47.Kxd4 Kg4 48.Ra6 Rd7 49.Ke3 f5
50.Ra4 Kg5 51.h4+ Kf6 52.Kf4 fxe4 53.Rxe4 Rb7 54.Re6+ Kg7 55.Rxd6 Rxb5 56.Kf5 Rb7
57.Rg6+ Kh7 58.Ra6 Rf7+ 59.Ke6 Rg7 60.h5 Rxg3 61.Rxa7+ Kg8 62.d6 Re3+ 63.Kf6 Re8
64.d7 Rf8+ 65.Kg6 Rd8 66.Rc7 Kf8 67.Kf6 Kg8 68.Ke7  1-0

[Event "Georgi Tringov Mem"]
[Site "Plovdiv BUL"]
[Date "2010.02.03"]
[Round "5"]
[White "Vasilev,M"]
[Black "Badev,K"]
[Result "1/2-1/2"]
[WhiteElo "2466"]
[BlackElo "2369"]

1.d4 e6 2.c4 Nf6 3.Nf3 Bb4+ 4.Nbd2 O-O 5.a3 Be7 6.e4 d5 7.e5 Nfd7 8.c5 f6
9.b4 fxe5 10.dxe5 b6 11.cxb6 axb6 12.Bb2 c5 13.b5 c4 14.Be2 Ra5 15.a4 Bb4
16.Qc2 Nc5 17.O-O Nbd7 18.Nxc4 dxc4 19.Qxc4 Bb7 20.Qxb4 Qa8 21.Rfd1 Bd5 22.Qg4 Rxa4
23.Rxa4 Qxa4 24.Qxa4 Nxa4 25.Bd4 Rc8 26.Kf1 Rc2 27.Bd3 Rc7 28.Ra1 Bc4 29.Ke2 Bxd3+
30.Kxd3 Nac5+ 31.Ke3 h6 32.Nd2 Kf7 33.f4 g5 34.fxg5 hxg5 35.Ra8 Kg7 36.Nc4 Nb3
37.Nd6 Kh7 38.Ne8 Rb7 39.Nf6+ Nxf6 40.exf6 Nc5 41.Rh8+ Kg6 42.Rg8+ Kf5 43.Rg7 Nd7
44.h3 e5 45.Bb2 Kxf6 46.Rh7 Kg6 47.Rh8 Rc7 48.Rd8 Kf5 49.g4+ Ke6 50.Kd3 Rc5
51.Rg8 Rxb5 52.Kc2 Rc5+ 53.Kd2 Nf6 54.Rg7 Rd5+ 55.Kc2 Rc5+ 56.Kb3 Rb5+ 57.Kc2 Ne4
58.Rg6+ Kd5 59.Rg8 Rc5+ 60.Kd3 Nf2+ 61.Kd2 Nxh3 62.Ke3 Rb5 63.Rd8+ Kc4 64.Rc8+ Kb3
65.Bc3 Nf4 66.Ke4 Ng6 67.Bd2 Nf4 68.Bc3 Ng6 69.Bd2 Ne7 70.Re8 Nc6 71.Bxg5 Rb4+
72.Kf3 Nd4+ 73.Kg3 Ne2+ 74.Kh4 Nd4 75.Kh5 Nf3 76.Bf6 Kc2 77.g5 Rh4+ 78.Kg6 b5
79.Kf7 Nxg5+ 80.Bxg5 Rg4 81.Rxe5 b4 82.Rc5+ Kd3 83.Bf6 Rc4 84.Rb5 Kc2 85.Ke6 Rc6+
86.Kf5 Rxf6+ 87.Kxf6 b3 88.Rc5+ Kd2  1/2-1/2

[Event "TCh-Eur Seniors"]
[Site "Dresden GER"]
[Date "2010.02.11"]
[Round "2"]
[White "Danner,G"]
[Black "James,GH"]
[Result "1-0"]
[WhiteElo "2429"]
[BlackElo "2203"]

1.d4 Nf6 2.Nf3 e6 3.c4 Bb4+ 4.Nbd2 b6 5.e3 Bb7 6.Bd3 O-O 7.a3 Bxd2+ 8.Qxd2 Ne4
9.Qe2 f5 10.O-O d6 11.Nd2 Nxd2 12.Bxd2 Nd7 13.f3 Qf6 14.Bc3 Qg5 15.Rae1 Rae8
16.Bc2 Re7 17.Qf2 Rfe8 18.b4 c5 19.dxc5 dxc5 20.Rd1 f4 21.Rfe1 e5 22.Ba4 Qf5
23.exf4  1-0

[Event "TCh-Eur Seniors"]
[Site "Dresden GER"]
[Date "2010.02.13"]
[Round "4"]
[White "Donchenko,An"]
[Black "Mishuchkov,N"]
[Result "1/2-1/2"]
[WhiteElo "2380"]
[BlackElo "2396"]

1.d4 Nf6 2.Nf3 e6 3.c4 Bb4+ 4.Nbd2 b6 5.g3 Bb7 6.Bg2 O-O 7.O-O d5 8.cxd5 exd5
9.Ne5 Nbd7 10.Ndf3 Be7 11.Bf4 c5  1/2-1/2

[Event "Open"]
[Site "Novy Bor CZE"]
[Date "2010.02.15"]
[Round "4"]
[White "Ter Karapetian,Al"]
[Black "Loktiev,I"]
[Result "1/2-1/2"]
[WhiteElo "2178"]
[BlackElo "2243"]

1.Nf3 Nf6 2.d4 e6 3.c4 Bb4+ 4.Nbd2 O-O 5.e3 d5 6.a3 Be7 7.Bd3 c5 8.dxc5 Bxc5
9.b4 Be7 10.Bb2 b6 11.O-O Bb7 12.Rc1 Nbd7 13.Bb1 Rc8 14.cxd5 Nxd5 15.Ne4 Rxc1
16.Qxc1 Ba6 17.Re1 N7f6 18.Nc3 Qc7 19.Qc2 Nxc3 20.Bxc3 Rc8 21.Rc1 Bb7 22.Bd4 Qd8
23.Qb2 Rxc1+ 24.Qxc1 Bxf3 25.Bxf6 Bxf6 26.gxf3  1/2-1/2

[Event "TCh-ISL 2009-10"]
[Site "Rekjavik ISL"]
[Date "2010.03.05"]
[Round "6"]
[White "Steingrimsson,H"]
[Black "Kveinys,A"]
[Result "1/2-1/2"]
[WhiteElo "2540"]
[BlackElo "2531"]

1.d4 Nf6 2.c4 e6 3.Nf3 Bb4+ 4.Nbd2 b6 5.a3 Bxd2+ 6.Qxd2 Bb7 7.e3 O-O 8.Be2 d6
9.O-O Nbd7 10.b4 Ne4 11.Qd3 f5 12.Nd2 Qh4 13.f3 Ng5 14.f4  1/2-1/2